Growing together in Christ / (Record no. 2605)

MARC details
000 -LEADER
fixed length control field 00793cam a22002657a 4500
001 - CONTROL NUMBER
control field 12888328
003 - CONTROL NUMBER IDENTIFIER
control field GBCCL
005 - DATE AND TIME OF LATEST TRANSACTION
control field 20241126110433.0
008 - FIXED-LENGTH DATA ELEMENTS--GENERAL INFORMATION
fixed length control field 020808s2000 coua b 000 0 eng
010 ## -
-- 2002511378
020 ## - INTERNATIONAL STANDARD BOOK NUMBER
International Standard Book Number 0830718168
040 ## - CATALOGING SOURCE
Original cataloging agency DLC
Transcribing agency DLC
050 00 -
-- MLCS 2006/08963 (B)
082 ## - DEWEY DECIMAL CLASSIFICATION NUMBER
Classification number 248.844
Item number SUN
100 1# - MAIN ENTRY--PERSONAL NAME
Personal name Sunde, David.
9 (RLIN) 5481
245 10 - TITLE STATEMENT
Title Growing together in Christ /
Statement of responsibility, etc. by David Sunde.
260 ## - PUBLICATION, DISTRIBUTION, ETC.
Place of publication, distribution, etc. Ventura :
Name of publisher, distributor, etc. Gospel light.,
Date of publication, distribution, etc. c1996.
300 ## - PHYSICAL DESCRIPTION
Extent 180 p. :
Other physical details ill. ;
Dimensions 22 cm.
490 0# - SERIES STATEMENT
Series statement HomeBuilders couples series
504 ## - BIBLIOGRAPHY, ETC. NOTE
Bibliography, etc. note Includes bibliographical references
650 ## - SUBJECT ADDED ENTRY--TOPICAL TERM
Topical term or geographic name entry element Marriage
Form subdivision Christian life
9 (RLIN) 5482
906 ## - LOCAL DATA ELEMENT F, LDF (RLIN)
a 7
b cbc
c orignew
d 3
e ncip
f 20
g y-gencatlg
942 ## - ADDED ENTRY ELEMENTS (KOHA)
Source of classification or shelving scheme Dewey Decimal Classification
Koha item type Books
Koha issues (borrowed), all copies 2
Holdings
Withdrawn status Lost status Source of classification or shelving scheme Damaged status Not for loan Home library Current Library Shelving location Date acquired Total checkouts Full call number Barcode Date last seen Copy number Price effective from Koha item type Date last checked out
    Dewey Decimal Classification     GRACE BIBLE COLLEGE GRACE BIBLE COLLEGE Ministry & Mission 2017-09-06   248.844 SUN 007817 2025-05-01 c.1 2017-09-06 Books  
    Dewey Decimal Classification     GRACE BIBLE COLLEGE GRACE BIBLE COLLEGE Ministry & Mission 2017-09-18 2 248.844 SUN 007826 2025-05-01 c.2 2017-09-18 Books 2018-09-24
    Dewey Decimal Classification     GRACE BIBLE COLLEGE GRACE BIBLE COLLEGE Ministry & Mission 2017-09-18   248.844 SUN 007831 2025-05-01 c.3 2017-09-18 Books  
    Dewey Decimal Classification     GRACE BIBLE COLLEGE GRACE BIBLE COLLEGE Ministry & Mission 2017-09-18 1 248.844 SUN 007832 2025-05-01 c.4 2017-09-18 Books 2017-09-19
© Grace Bible College Library 2025